000 00423nam a2200181Ia 4500
005 20240823061942.0
008 240823s9999||||xx |||||||||||||| ||und||
041 _aENGLISH
082 _A620.11025 P4
100 _aVijayaraghavan G K
245 0 _aEngineering Metrology
250 _a2nd
260 _c2004
_bARS Publica
500 _aTRANSFERED
650 _aMetrology
_bMechanical
942 _cBK
999 _c234748
_d234748